| 000 | 00653nam a2200193 4500 | ||
|---|---|---|---|
| 001 | 119006 | ||
| 003 | ES-MaACL | ||
| 007 | t| | ||
| 008 | 070214s1954 sp r ||||1| spa d | ||
| 100 | 1 |
_aPeytel, Jean. _991608 |
|
| 245 | 1 | 4 |
_aLas grandes regatas... y un estudio sobre el yachting en España y en los países ibero-americanos / _cJean Peytel ; versión directa de José María Soler. |
| 260 |
_aBarcelona : _bHispano Europea, _c1954. |
||
| 300 |
_a292 p., 2 lám. : _bil. ; _c20 cm. |
||
| 490 | 1 | _aHerakles | |
| 700 | 1 |
_aSoler, José María. _9107150 |
|
| 830 | 0 |
_aHerakles _9180867 |
|
| 852 |
_aES-MaACL _jC-9817 _bR.37456 |
||
| 999 |
_c119006 _d119006 |
||